| 000 | 00998nam a2200277Ia 4500 | ||
|---|---|---|---|
| 003 | OSt | ||
| 005 | 20221005110341.0 | ||
| 006 | a|||||r|||| 00| 0 | ||
| 007 | ta | ||
| 008 | 221004b |||||||| |||| 00| 0 hin d | ||
| 020 |
_a9789382543916 (hbk) _cINR 450.00 |
||
| 024 | _a37538 | ||
| 037 |
_b63, 13/03/2018, P. K. Books _cTextual |
||
| 040 |
_aCRL _cCRL _bhin |
||
| 041 |
_2hin _ahin |
||
| 082 | _aT:3(P), 152Q7 | ||
| 100 | _aराय, हरियश, ले. | ||
| 245 | 0 | _aभाषा शिक्षा और औपनिवेशिक दासता | |
| 246 | _aBhāṣhā shikṣhā aur aupaniveshik dāsatā | ||
| 260 |
_aनई दिल्ली _bईशा ज्ञानदीप भारत _c2017 |
||
| 300 |
_a144पृ0 _ccm. |
||
| 650 | _a भाषा | ||
| 650 | _aशिक्षाशास्त्र | ||
| 942 |
_hT:3(P), 152Q7 _cTEXL _2cc |
||
| 999 |
_c1018541 _d1018541 |
||